The noble horse / (Record no. 9561)
[ view plain ]
| 000 -LEADER | |
|---|---|
| fixed length control field | 00749nac a22002291u 4500 |
| 010 ## - LIBRARY OF CONGRESS CONTROL NUMBER | |
| LC control number | 85000857 |
| 020 ## - INTERNATIONAL STANDARD BOOK NUMBER | |
| International Standard Book Number | 0753700271 |
| 082 00 - DEWEY DECIMAL CLASSIFICATION NUMBER | |
| Classification number | 636.1 |
| Item number | DOS |
| 090 ## - LOCALLY ASSIGNED LC-TYPE CALL NUMBER (OCLC); LOCAL CALL NUMBER (OCLC) | |
| -- | 9561 |
| -- | 9561 |
| 100 ## - MAIN ENTRY--PERSONAL NAME | |
| Personal name | Dossenbach, Monique. |
| 245 14 - TITLE STATEMENT | |
| Title | The noble horse / |
| Statement of responsibility, etc | Monique and Hans D. Dossenbach ; foreword by H.R.H. the Duke of Edinburgh. |
| 250 ## - EDITION STATEMENT | |
| Edition statement | Revised ed. english language |
| 260 ## - PUBLICATION, DISTRIBUTION, ETC. (IMPRINT) | |
| Place of publication, distribution, etc | London : |
| Name of publisher, distributor, etc | Chancellor press,1998 |
| Date of publication, distribution, etc | c1998 |
| 300 ## - PHYSICAL DESCRIPTION | |
| Extent | 304 p. : |
| Other physical details | ill. (some col.) ; |
| Dimensions | 36 cm. |
| 500 ## - GENERAL NOTE | |
| General note | Translation of: KoÌ(nig Pferd. |
| 500 ## - GENERAL NOTE | |
| General note | Includes index. |
| 511 ## - PARTICIPANT OR PERFORMER NOTE | |
| Participant or performer note | catalogued by: wessam |
| 650 #0 - SUBJECT ADDED ENTRY--TOPICAL TERM | |
| Topical term or geographic name as entry element | Horses. |
| 650 #0 - SUBJECT ADDED ENTRY--TOPICAL TERM | |
| Topical term or geographic name as entry element | Horse sports. |
| 700 1# - ADDED ENTRY--PERSONAL NAME | |
| Personal name | Dossenbach, Hans D., |
| Dates associated with a name | 1936- |
| 942 ## - ADDED ENTRY ELEMENTS (KOHA) | |
| Item type | NB - Book (Non borrowing) |
| Call number prefix | 636.1DOS |
| Withdrawn status | Item status | Damaged status | Not for loan | Home library | Current library | Shelving location | Date acquired | Source of acquisition | Total Checkouts | Full call number | Barcode | Date last seen | Koha item type |
|---|---|---|---|---|---|---|---|---|---|---|---|---|---|
| Central Library | Central Library | First floor | 22/05/2008 | Purchase | 636.1DOS | 000011623 | 15/07/2025 | NB - Book (Non borrowing) |